000 00924nam a2200289 a 4500
001 84635
003 BD-RjUL
005 20250204121848.0
008 250204s1991 nz ab j e 001 0deng
020 _a085229218X (set)
035 _a(BD-RjUL)
040 _aDLC
_cDLC
_dDLC
_dBD-RjUL
_beng
041 _aeng
042 _alcac
082 0 0 _a032
_223
_bCHI 1991
245 0 0 _aChildren's Britannica.
250 _a4th ed.
260 _aAuckland ;
_aChicago :
_bEncyclopaedia Britannica, Inc.,
_cc1991.
300 _a20 v. :
_bill., maps (some col.) ;
_c25 cm.
500 _aIncludes index.
520 _aPresents alphabetically-arranged articles in twenty volumes covering a wide range of human knowledge.
650 0 _aChildren's encyclopedias and dictionaries.
_914882
650 1 _aEncyclopedias and dictionaries.
710 2 _aEncyclopaedia Britannica, Inc.
_914883
942 _2ddc
_cBK
999 _c84635
_d84635